000 00799nam a2200337Ia 4500
001 5765
005 20240113233847.0
007 ta
008 130919s1991 ii g b000 u 465 u
020 _a81-7096-570-5
040 _aCotton College,Assam
041 _aeng
082 _a822.09
_bMi 642 Pa
100 _aMilton, .
245 0 _aParadise Lost /
_cMilton.
_hTextual Documents
250 _a1st ed. /
260 _aNew Delhi :
_bKalyani Publisher ,
_c1991.
300 _a83p. ;
_c21cm.
504 _aBib.
653 _aEnglish drama-Criticism
653 _aT/G-English
653 _aG-English
942 _2ddc
_cBK
999 _c5752
_d5752